| 000 | 00735nam a2200193 i 4500 | ||
|---|---|---|---|
| 001 | 26362 | ||
| 003 | ES-MaACL | ||
| 005 | 20250826083347.0 | ||
| 007 | t| | ||
| 008 | 030109s1933 sz ||||1| fre d | ||
| 111 | 2 |
_aConferencia Internacional del Trabajo ( _n17ª. _d1933. _cGinebra) _9164232 |
|
| 245 | 1 | 0 |
_aAssurance-chômage et diverses formes d'assistance aux chômeurs... : _bpremière discussion / _cConférence internationale du Travail, dix-septième session, Genève, 1933. |
| 260 |
_aGenève : _bBureau international du Travail, _c1933. |
||
| 300 |
_a320 p. ; _c24 cm. |
||
| 650 | 4 |
_aSubsidio de paro. _9171583 |
|
| 710 | 1 |
_aOficina Internacional del Trabajo _96023 |
|
| 852 |
_aES-MaACL _jA-1489 |
||
| 999 |
_c26362 _d26362 |
||